00885cam a2200241 a 450000100100000000500170001000800410002702000150006802000150008304000230009804100380012108200180015910000300017724000440020724501460025126000370039730000260043453400700046065000260053065000300055670000250058670000320061100000436520200929151430.0820402s1984 mx 000 f spa  a0517547287 a9686677100 aDO-SdBNPcDLCdDLC17aspaheng2Código de idioma MARC a813.54bA211d1 aAdams, Henry,d1838-1918.10aDemocracy, an american nobellEspañol10aDemocracia :buna novela sobre política y corrupción /cHenry Adams ; traducción de Manuel Ortiz Staines ; introducción, Noel Perrin. aMéxico :bPubligrafics,c1984. axvi, 276 p. ;c21 cm. aTítulo de la edición original :tDemocracy, an american nobel 4aNovela estadounidense 4aLiteratura estadounidense1 aPerrin, Noel,eintr.1 aOrtiz Staines, Manuel,etr.